banner koha

Modeling of the height-diameter relationship in eucalyptus in integrated crop-livestock systems (Registro n. 299513)

MARC details
000 -LÍDER
fixed length control field 04085nab a2200397 i 4500
003 - CÓDIGO MARC DA AGÊNCIA CATALOGADORA
Campo de controle BR-BrBNA
005 - DATA E HORA DA ÚLTIMA ATUALIZAÇÃO
Campo de controle 20240509115918.0
008 - CAMPO DE TAMANHO FIXO
fixed length control field 240509b2022 bl.ar|pooa||| 00| 0 eng |
040 ## - FONTE DA CATALOGAÇÃO
Agência catalogadora BR-BrBNA
Idioma da catalogação eng
072 ## - CATEGORIA AGRIS
Código AGRIS F50
Código do objeto 3240
072 ## - CATEGORIA AGRIS
Código AGRIS K10
100 ## - ENTRADA PRINCIPAL - NOME PESSOAL
Nome pessoal Kruchelski, Silvano
100 ## - ENTRADA PRINCIPAL - NOME PESSOAL
Nome pessoal Trautenmüller, Jonathan William
100 ## - ENTRADA PRINCIPAL - NOME PESSOAL
Nome pessoal Orso, Gabriel Agostini
100 ## - ENTRADA PRINCIPAL - NOME PESSOAL
Nome pessoal Roncatto, Eduardo
100 ## - ENTRADA PRINCIPAL - NOME PESSOAL
Nome pessoal Triches, Gilmar Paulinho
100 ## - ENTRADA PRINCIPAL - NOME PESSOAL
Nome pessoal Behling, Alexandre
100 ## - ENTRADA PRINCIPAL - NOME PESSOAL
Nome pessoal Moraes, Anibal de
245 ## - TÍTULO PRINCIPAL
Título principal Modeling of the height-diameter relationship in eucalyptus in integrated crop-livestock systems
500 ## - NOTA GERAL
Nota geral Publicação on-line; 32 ref.; 4 tables; 4 illus.; Summaries (En, Pt)
942 ## - ADDED ENTRY ELEMENTS (KOHA)
Koha item type
520 ## - NOTA DE RESUMO
Nota de conteúdo <br/>Abstract – The objective of this work was to compare the height-diameter relationship, described by nonlinear biological models, in Eucalyptus benthamii in monoculture forestry and in three different integrated crop-livestock systems (ICLS): crop-forestry, livestock-forestry, and crop-livestock-forestry. The trees were evaluated during seven years after planting. Five nonlinear biological models were fitted to evaluate the height-diameter relationship, and Gompertz’s model was selected to describe the data, although all models described satisfactorily the height-diameter relationship of the trees in the ICLS. The analysis of the data showed that there is no similarity between monoculture forestry and the ICLS as to the height-diameter relationship. In addition, the height-diameter relationship in E. benthamii changes between the different ICLS. Particularly, two systems with cattle provide the same values of maximum growth rate, asymptote, and inflection point of diameter at breast height. Furthermore, with the integration of cattle into the tree component, the produced trees show lower asymptotic heights, with larger diameters when the average tree heights of the ICLS are equal.<br/><br/><br/>Index terms: Eucalyptus benthamii, agroforestry systems, agrosilvopastoral, biological models, Gompertz, nonlinear models.
520 ## - NOTA DE RESUMO
Nota de conteúdo <br/>Resumo – O objetivo deste trabalho foi comparar a relação altura-diâmetro, descrita por modelos biológicos não lineares, de Eucalyptus benthamii em monocultura florestal e em três diferentes sistemas de integração lavourapecuária (ILP): lavoura-floresta, pecuária-floresta e lavoura-pecuáriafloresta. As árvores foram avaliadas durante sete anos após o plantio. Cinco modelos biológicos não lineares foram ajustados para avaliar a relação altura-diâmetro, e o modelo de Gompertz foi selecionado para descrever os dados, embora todos os modelos tenham descrito satisfatoriamente a relação altura-diâmetro das árvores nos ILP. A análise dos dados mostrou que não há nenhuma semelhança entre a monocultura florestal e os ILP quanto à relação altura-diâmetro. Além disso, a relação altura-diâmetro de E. benthamii muda entre os diferentes ILP. Particularmente, dois sistemas com bovinos fornecem os mesmos valores de taxa máxima de crescimento, assíntota e ponto de inflexão do diâmetro à altura do peito. Além disso, com a integração do gado no componente arbóreo, as árvores produzidas apresentam menores alturas assintóticas, com maiores diâmetros quando as alturas médias das árvores dos ILP são iguais.<br/><br/><br/>Termos para indexação: Eucalyptus benthamii, sistemas agroflorestais, agrossilvipastoril, modelos biológicos, Gompertz, modelos não lineares.
650 ## - ASSUNTO - THESAGRO
Cabeçalho tópico ou nome geográfico EUCALIPTO
650 ## - ASSUNTO - THESAGRO
Cabeçalho tópico ou nome geográfico CLONE
650 ## - ASSUNTO - THESAGRO
Cabeçalho tópico ou nome geográfico LAVOURA
650 ## - ASSUNTO - THESAGRO
Cabeçalho tópico ou nome geográfico PECUÁRIA
650 ## - ASSUNTO - THESAGRO
Cabeçalho tópico ou nome geográfico FLORESTA
650 ## - ASSUNTO - THESAGRO
Cabeçalho tópico ou nome geográfico INTEGRAÇÃO
650 ## - ASSUNTO - THESAGRO
Cabeçalho tópico ou nome geográfico ANATOMIA VEGETAL
650 ## - ASSUNTO - THESAGRO
Cabeçalho tópico ou nome geográfico ALTURA
650 ## - ASSUNTO - THESAGRO
Cabeçalho tópico ou nome geográfico VOLUME
773 0# - ENTRADA ANALÍTICA
Host Biblionumber 920
Registro do item 25802
Imprenta Brasília-DF Empresa Brasileira de Pesquisa Agropecuária - EMBRAPA 1966-
Outro identificador 2023-436358
Título Pesquisa Agropecuária Brasileira (Brazil)
ISSN 0100-204X
Colação v. 57 p. 1-11; (2022)
Número de controle de registro BR2024000647
856 ## - ACESSO E ENDEREÇO ELETRÔNICO
Identificador uniforme de recurso - URI https://www.scielo.br/j/pab/a/4nQkFHQkt5q4FpqvH7MP6cf/?format=pdf&lang=en

Nenhum exemplar disponível.

BINAGRI

Telefone: (61)3218-2567/2388/3357/2097 - binagri@agro.gov.br

Ministério da Agricultura e Pecuária , Esplanada dos Ministérios, Bloco D, Anexo B, Brasília/DF, CEP: 70.043-900